UBT Library

Concepts of genetics / (Record no. 47952)

000 -LEADER
fixed length control field 00610cam a2200229 a 4500
001 - CONTROL NUMBER
control field 2942219
005 - DATE AND TIME OF LATEST TRANSACTION
control field 20180918083034.0
008 - FIXED-LENGTH DATA ELEMENTS--GENERAL INFORMATION
fixed length control field 900830s1991 nyua b 001 0 eng
010 ## - LIBRARY OF CONGRESS CONTROL NUMBER
LC control number 90013407
020 ## - INTERNATIONAL STANDARD BOOK NUMBER
International Standard Book Number 0023647930
040 ## - CATALOGING SOURCE
Original cataloging agency DLC
Transcribing agency DLC
Modifying agency DLC
041 ## - LANGUAGE CODE
Language code of text/sound track or separate title eng
080 ## - UNIVERSAL DECIMAL CLASSIFICATION NUMBER
Universal Decimal Classification number 575.1 KLU
082 00 - DEWEY DECIMAL CLASSIFICATION NUMBER
Classification number 575.1 KLU
Edition number 20
100 1# - Rafti
Rafti 6
101 ## - Shkurtesa
Shkurtesa GJEN
245 10 - TITLE STATEMENT
Title Concepts of genetics /
Statement of responsibility, etc William S. Klug, Michael R. Cummings.
504 ## - BIBLIOGRAPHY, ETC. NOTE
Bibliography, etc Includes bibliographical references and index.
906 ## - LOCAL DATA ELEMENT F, LDF (RLIN)
a 7
b cbc
c orignew
d 1
e ocip
f 19
g y-gencatlg
942 ## - ADDED ENTRY ELEMENTS (KOHA)
Source of classification or shelving scheme
Item type Books
Holdings
Withdrawn status Lost status Source of classification or shelving scheme Damaged status Not for loan Collection code Permanent location Current location Shelving location Date acquired Total Checkouts Full call number Barcode Date last seen Price effective from Koha item type
          Koleksioni i përgjithshem UBT - Lipjan UBT - Lipjan Koleksioni i përgjithshem 09/18/2018   575.1 KLU 002-3012714 09/18/2018 09/18/2018 Books
UBT Library © 2015-2024. All rights reserved University Education for Business and Technology